[Event "Baku FIDE Grand Prix 2014"]
[Site "Baku AZE"]
[Date "2014.10.13"]
[Round "10.6"]
[White "Kasimdzhanov, Rustam"]
[Black "Grischuk, Alexander"]
[Result "0-1"]
[WhiteElo "2706"]
[BlackElo "2797"]
[PlyCount "66"]
[EventDate "2014.10.02"]
[EventType "tourn"]
[EventRounds "11"]
[EventCountry "AZE"]
[EventCategory "21"]
[Source "lmi"]
[SourceDate "2014.10.02"]

1. d4 d5 2. c4 e6 3. Nc3 c6 4. e3 Nd7 5. Qc2 Nh6 6. Bd2 f5 7. cxd5 exd5 8. Bd3
Bd6 9. O-O-O Nb6 10. h3 Be6 11. Nf3 Qe7 12. Ne2 O-O-O 13. Nf4 Bd7 14. Ba5 Kb8
15. Qb3 Bc7 16. Bc2 Nf7 17. Nd3 Bc8 18. Nc5 g5 19. Kb1 Rde8 20. Rhe1 h5 21. Nd3
g4 22. Ng1 h4 23. Ne2 Rhg8 24. a3 g3 25. fxg3 Nc4 26. Bxc7+ Qxc7 27. gxh4 Nxe3
28. Ndf4 Nxd1 29. Rxd1 Nd6 30. Ka2 Nc4 31. Rd3 Rxg2 32. Nxg2 Rxe2 33. Ne3 Qh2
0-1

[Event "Baku FIDE Grand Prix 2014"]
[Site "Baku AZE"]
[Date "2014.10.14"]
[Round "11.2"]
[White "Svidler, Peter"]
[Black "Gelfand, Boris"]
[Result "1/2-1/2"]
[WhiteElo "2732"]
[BlackElo "2748"]
[PlyCount "61"]
[EventDate "2014.10.02"]
[EventType "tourn"]
[EventRounds "11"]
[EventCountry "AZE"]
[EventCategory "21"]
[Source "lmi"]
[SourceDate "2014.10.02"]

1. e4 c5 2. Nf3 d6 3. d4 cxd4 4. Nxd4 Nf6 5. Nc3 a6 6. Be3 Ng4 7. Bg5 h6 8. Bh4
g5 9. Bg3 Bg7 10. Be2 h5 11. h4 gxh4 12. Bxh4 Nc6 13. Nb3 Be6 14. Qd2 Rc8 15.
f3 Bh6 16. Bg5 Bxg5 17. Qxg5 Nf6 18. O-O-O Rg8 19. Qe3 Rxg2 20. f4 Qc7 21. Kb1
b5 22. Bxh5 Qa7 23. Qxa7 Nxa7 24. Bf3 Rf2 25. Nd4 Nc6 26. Nxc6 Rxc6 27. Rdf1
Rxf1+ 28. Rxf1 Rc5 29. a3 Bg4 30. Bxg4 Nxg4 31. Rh1 1/2-1/2

[Event "Baku FIDE Grand Prix 2014"]
[Site "Baku AZE"]
[Date "2014.10.14"]
[Round "11.3"]
[White "Andreikin, Dmitry"]
[Black "Karjakin, Sergey"]
[Result "1/2-1/2"]
[WhiteElo "2722"]
[BlackElo "2767"]
[PlyCount "65"]
[EventDate "2014.10.02"]
[EventType "tourn"]
[EventRounds "11"]
[EventCountry "AZE"]
[EventCategory "21"]
[Source "lmi"]
[SourceDate "2014.10.02"]

1. d4 Nf6 2. c4 e6 3. Nf3 b6 4. g3 Ba6 5. Nbd2 Bb7 6. Bg2 Be7 7. O-O O-O 8. b3
c5 9. Bb2 d6 10. Re1 cxd4 11. Nxd4 Bxg2 12. Kxg2 Qc7 13. e4 Nc6 14. N2f3 a6 15.
Nxc6 Qxc6 16. Nd4 Qb7 17. Qf3 Nd7 18. e5 Qxf3+ 19. Nxf3 Nxe5 20. Nxe5 dxe5 21.
Bxe5 Rfc8 22. Red1 Ra7 23. a4 a5 24. Rd3 f6 25. Bf4 Kf7 26. Rad1 Ke8 27. Be3
Rc6 28. g4 g6 29. Kf3 Ra8 30. Ke4 Rd8 31. Rxd8+ Bxd8 32. f4 f5+ 33. gxf5
1/2-1/2